Makó szobra
Elmentve itt :
| Szerző: | |
|---|---|
| Dokumentumtípus: | Cikk |
| Megjelent: |
1986-10-21
|
| Sorozat: | Délmagyarország
76 No. 248 |
| Kulcsszavak: | színház |
| Online Access: | http://dmarchiv.bibl.u-szeged.hu/98715 |
| LEADER | 00429nab a2200157 i 4500 | ||
|---|---|---|---|
| 001 | delm98715 | ||
| 005 | 20190911095301.0 | ||
| 008 | 190911s1986 hu o 0|| hun d | ||
| 040 | |a SZTE Délmagyarország Archívum |b hun | ||
| 041 | |a hun | ||
| 100 | 1 | |a Péter László | |
| 245 | 1 | 0 | |a Makó szobra |h [elektronikus dokumentum] / |c Péter László |
| 260 | |c 1986-10-21 | ||
| 300 | |a 4 | ||
| 490 | 0 | |a Délmagyarország |v 76 No. 248 | |
| 695 | |a színház | ||